000 00614cam a2200169 4500
001 WB3627-32
008 000000n2000 000 0 eng u
035 _a(Sirsi) u107139
245 _aLeave to appeal in Spath Holme
260 _c2000
490 _aDETR News Release
_v(470) 11 July 2000, (2)
520 _aGovernment has given leave to appeal to the House of Lords against the CA decision in Spath Holme which quashed an Order introduced in February 1999 to cap excessive increases in fair rents.
650 _aSPATH HOLME
650 _aFAIR RENTS
690 _aPROPERTY-LANDLORD AND TENANT
942 _n0
999 _c64063
_d64063